[Event "ROM-ch U12"]
[Site "Calimanesti"]
[Date "2015.04.02"]
[Round "5"]
[White "Cavasi, Eduard Paul"]
[Black "Spermezan, Luca"]
[Result "1-0"]
[WhiteElo "1126"]
[BlackElo "1001"]
[PlyCount "89"]
[EventDate "2015.03.30"]
[EventType "swiss"]
[EventRounds "9"]
[EventCountry "ROU"]
[SourceTitle "CBM 165 Extra"]
[Source "ChessBase"]
[SourceDate "2015.04.21"]
[SourceVersion "1"]
[SourceVersionDate "2015.04.21"]
[SourceQuality "1"]

1. e4 e5 2. Nf3 Nc6 3. Nc3 Nf6 4. Bb5 Bb4 5. d3 Bc5 6. Bxc6 bxc6 7. Nxe5 Ba6 8. Ng4 Nxg4 9. Qxg4 Qf6 10. 0-0 Bd6 11. Be3 g5 12. Qxg5 Qg6 13. Qxg6 fxg6 14. Ne2 Rf8 15. f4 g5 16. fxg5 Rg8 17. Rf6 Be5 18. Rh6 Bxb2 19. Rb1 Bg7 20. Rxh7 Be5 21. Bd4 Rxg5 22. Bxe5 Rxe5 23. Rh8+ Ke7 24. Rxa8 Rc5 25. Rxa7 Rxc2 26. Rxa6 Rxe2 27. h4 Rc2 28. Ra5 Rc3 29. Rb3 Rc1+ 30. Kh2 Rf1 31. d4 Rf7 32. Rh3 Rh7 33. h5 Kf7 34. Rc5 Kg7 35. a4 Rh8 36. a5 Ra8 37. g4 Rf8 38. Kg2 Rb8 39. a6 Ra8 40. Ra5 Rb8 41. a7 Rb2+ 42. Kg3 Rb1 43. a8Q Rg1+ 44. Kf4 Rf1+ 45. Rf3 1-0